Web Scraping with Python Collecting More Data from the Modern Web
Gespeichert in:
| 1. Verfasser: | |
|---|---|
| Format: | Buch |
| Sprache: | Englisch |
| Veröffentlicht: |
Sebastopol
O'Reilly
2018
|
| Ausgabe: | 2nd Edition |
| Schlagworte: | |
| Tags: |
Keine Tags, Fügen Sie das erste Tag hinzu!
|
MARC
| LEADER | 00000nam a2200000 4500 | ||
|---|---|---|---|
| 001 | 0272208 | ||
| 005 | 20241113104801.0 | ||
| 020 | |a 978-1-491-98557-1 | ||
| 041 | 0 | |a eng | |
| 044 | |a US | ||
| 245 | 1 | 0 | |a Web Scraping with Python |b Collecting More Data from the Modern Web |c Ryan Mitchell |
| 250 | |a 2nd Edition | ||
| 264 | 1 | |a Sebastopol |b O'Reilly |c 2018 | |
| 300 | |a 288 s. | ||
| 610 | 2 | 0 | |a programovanie |
| 610 | 2 | 0 | |a jazyky programovacie |
| 610 | 2 | 0 | |a internet |
| 610 | 2 | 0 | |a dáta |
| 610 | 2 | 0 | |a zber dát |
| 610 | 2 | 0 | |a prostredie virtuálne |
| 610 | 2 | 0 | |a web scraping |
| 100 | 1 | |a Mitchell, Ryan | |